Prerozdeľovanie majetku od chudobnejších k bohatým

Gespeichert in:
Bibliographische Detailangaben
1. Verfasser: Pavelka, Ľuboš, 1962-
Format: Buchkapitel
Sprache:Slowakisch
Schlagworte:
Tags: Tag hinzufügen
Keine Tags, Fügen Sie das erste Tag hinzu!

MARC

LEADER 00000naa$a2200000$$$4500
001 0111770
005 20240502072234.7
041 0 |a slo 
044 |a SK 
245 1 0 |a Prerozdeľovanie majetku od chudobnejších k bohatým  |c Ľuboš Pavelka 
610 2 0 |a dane 
610 2 0 |a zdaňovanie 
610 2 0 |a dane spotrebné 
610 2 0 |a dane z hodnoty pridanej 
610 2 0 |a reformy daňové 
610 2 0 |a Slovensko 
100 1 |a Pavelka, Ľuboš, 1962-